00996nam a22002412 450000100060000000300080000600500170001400800410003103500510007204000270012304100080015008200210015810000410017924501290022026000400034930000270038950001310041650400200054765000180056794200120058599900170059795201400061418605BD-RjUL20211209000317.0140220r19621937nyu 001 0 eng d aOCLC ocm07966156 from D960925Ma(BD-RjUL)18663 aPLFcPLFdBD-RjULbeng aeng a821.9bROC 19621 aRosenberg, Isaac,d1890-1918.95730914aThe collected poems of Isaac Rosenberg /cedited by Gordon Bottomley & Denys Harding ; with a foreword by Siegfried Sassoon. aLondon :bChatto and Windus,c1962. aviii,240 p. ;c19 cm. aReprint of part of the work originally pub. by Chatto and Windus, London, under title: The collected works of Isaac Rosenberg. aIncludes index. aPoetry957310 2ddccBK c18605d18605 00102ddc40718FICaRUCLbRUCLcReadingd1964-04-11eZeitlingerg18.00l0o821.9 ROC 1962r2014-02-20 00:00:00tC-1w2014-02-20yBK